00655cam a22001933a 450000100060000000300060000600500170001200800410002904000150007004200070008510000300009224501570012226000290027950600300030851600200033870000320035883000290039085600420041935633PGUSA20140828083751.0110319s2011||||xxu|||||s|||||000 | eng d aPGUSAbeng adc1 aSue, Eugène,d1804-185714aThe Sword of Honor, volumes 1 and 2 ;bor, The Foundation of the French Republic, A Tale of The French Revolutionh[electronic resource] /cEugène Sue bProject Gutenberg,c2011 aPublic domain in the USA. aElectronic text1 aDe Leon, Daniel,d1852-1914 0aProject Gutenbergv3563340uhttp://www.gutenberg.org/ebooks/35633